Entry of kunjin virus into vero cells /
محفوظ في:
| المؤلف الرئيسي: | |
|---|---|
| التنسيق: | أطروحة كتاب |
| اللغة: | English |
| منشور في: |
Dept. of Microbiology, National University of Singapore,
Singapore : 1992.
|
| الموضوعات: | |
| الوسوم: |
إضافة وسم
لا توجد وسوم, كن أول من يضع وسما على هذه التسجيلة!
|
| LEADER | 00777cam a2200229 a 4500 | ||
|---|---|---|---|
| 001 | u320616 | ||
| 003 | SIRSI | ||
| 008 | 930528s1992 si v 00 1 eng | ||
| 035 | |a ABO-0568 | ||
| 040 | |a UMP | ||
| 096 | |a QW168 |b Lau 1992 | ||
| 100 | 1 | 0 | |a Lau, Lionel Chin Leon. |
| 245 | 1 | 0 | |a Entry of kunjin virus into vero cells / |c Lau Chin Leon Lionel. |
| 260 | |c Singapore : |b Dept. of Microbiology, National University of Singapore, |c 1992. | ||
| 300 | |a xiv, 253 leaves : |b ill. ; |c 30. | ||
| 500 | |a Typescript. | ||
| 502 | |a Thesis (Ph.D.) - National University of Singapore, 1992. | ||
| 651 | 2 | |a Flaviruses |x metabolism. | |
| 650 | 2 | |a Virus Replication. | |
| 948 | |a 28/05/1993 |b 02/08/1995 | ||
| 596 | |a 2 | ||
| 999 | |a QW168 LAU 1992 |w NLM |c 1 |i A502435207 |l TESIS |m P02MEDKL |r Y |s Y |t TESIS |u 17/6/1993 | ||
